03464nam a2200313Ia 4500008004100000040001800041041000800059100003100067242027800098245024000376246025100616250025500867260012401122300007701246500098401323500024702307500004802554505025802602506002202860546002102882650004802903650004802951650001502999650004003014700002603054700002503080700002303105700002203128130821s1626 fr gr spa  aCo-BoUCMbspa0 alat1 aBonacina, Martinodd. 163100aCompendio de Teología Moral. Tratado de casos de conciencia en el que se exponen, breve y claramente todos los problemas relacionados con el foro interno y algunos que tienen que ver con el foro externo. Sobre la ley. En general y en particularcMartín De Bonacinayspa10aSummae Moralis Theologiae. Sive tractatuum de casibus conscientiae in quibus fere omnes difficultates, ad internum et plurimae ad externum forum pertienentes breviter ac perspicue exponuntur. Tomus secundus ...cAutore Martino Bonacina13aCompendio de Teología Moral. Tratado de casos de conciencia en el que se exponen, breve y claramente todos los problemas relacionados con el foro interno y algunos que tienen que ver con el foro externo. Sobre la ley. En general y en particular aOmnia in hac novissima editione diligenter ab ipso autore recognita, et quareplurimis de nono additus locupupletata [En esta última edición todos los temas fueron revisados cuidadosamente por el mismo Autor y se completó con nuevas adiciones] aLion (Francia)bSumptibus Iacobi & Matthaei Prost. Fratrum [A expensas de los hermanos Jacobo y Mateo Prost]c1626-1627 a331, [39] ; 248, [23] ; [8], 100, [9]; [8], 166 [ei 168], [12] páginas aDetalles físicos: Encuaderna varias obras en un solo volumen. Encuadernación rígida en cartón duro forrado en piel, deteriorada en lomo, tapas y bordes. Tapas con repujado en forma de recuadro. Guardas con manchas de humedad, rotas y con marcas. Notorias restauraciones en primeras páginas. Varias portadas la primera a una sola tinta, con un grabado ordinario que probablemente representa el emblema de los editores (dos figuras femeninas una de ellas, es la prudencia que sostienen un libro, enmarcan un óvalo donde hay un elefante delante de una palmera. En la parte inferior, un lema latino que dice: "Por los que son buenos y sabios"). Algunas cenefas decorativas y mayúsculas capitales al comienzo de cada obra. Texto regularmente impreso en dos columnas muy densas y apretadas, sobre papel bueno y delgado. Signaturas y Reclamos. Papel con manchas de humedad. Otra portada impresa a dos tintas, con un grabado (calcografía, firmado: "Lo hizo C. Audran"). aOtros detalles: Anotación en guarda: "Doctor Aguado". Al respaldo: "Abaluado (sic) en tres pesos ...". Y en la portada, varias marcas de propiedad que fueron tachadas. Un sello de tinta que dice: "Del Colegio de Ntra. Sra. Del Rosario". aÚltimas dos portadas modifican el editor.0 aV.2: Tratado sobre la ley. ; En general y en particular. ; Tratados sobre la restitución y los contratos. ; Tratado sobre la clausura y las penas que se imponen a quienes la quebrantan. ; Tratado sobre la simonía. ; Cinco estudios sobre otros temas. aConsulta en sala. aTexto en latín04aDerecho canónicoxObras anteriores a 170004aReligión y moralxObras anteriores a 170004aTeología04aTeologíaxObras anteriores a 17001 aCavellat, Cardoneed.1 aCavellat, Pedroeed.1 aProst, Jacoboeed.1 aProst, Mateoeed.